• 首页
  • 本馆介绍
  • 公告通知
  • 最新文献
  • 馆藏检索
  • 电子资源
  • 读者导购
  • 参考咨询
  • 我的图书馆
  • 登录
  • 详细信息显示
  • 放入我的书架
  • 预约/预借图书
  • 作者相关作品
  • 分类相关作品
  • 丛书相关作品
  • 出版社相关作品

书目信息

  • 表格格式
  • 工作单格式
  • 卡片格式
题名:
旷野独骑
    
 
作者: 高富华 著
分册:  
出版信息: 成都   四川文艺出版社  2019
页数: 14,333页
开本: 21cm
丛书名:
单 册:
中图分类: I253.5
科图分类:
主题词: 报告文学--中国--现代
电子资源:
ISBN: 978-7-5411-5247-4
000 01025nam0 2200253 450
001 012001007822
005 20191028163128.43
010    @a978-7-5411-5247-4@dCNY48.00
100    @a20190705d2019 em y0chiy50 ea
101 0  @achi
102    @aCN@b510000
105    @aa z 000zy
106    @ar
200 1  @a旷野独骑@9kuang ye du qi@b专著@e一个铁血骑士的十年传奇@f高富华著
205    @a2版
210    @a成都@c四川文艺出版社@d2019
215    @a14,333页@c图,照片@d21cm
330    @a本书为长篇报告文学,讲述了年过半百的罗维孝十余年的骑行经历。从雅安到青藏高原,从青藏高原到祖国各地,最后独闯异国他乡到达法国艾斯佩莱特市。一路上骑士罗维孝用自行车轮丈量着世界,用“骑士精神”感动着世人。作者从旁观者的角度记录这一切,用最真实的报告记录一个最真实的“骑士”。
517 1  @a一个铁血骑士的十年传奇@9yi ge tie xue qi shi de shi nian chuan qi
606 0  @a报告文学@y中国@z现代
690    @aI253.5@v5
701  0 @a高富华@9gao fu hua@f(1964-)@4著
801  2 @aCN@b上海新华@c20191020
905    @b1134119-22@dI253.5@e1111=2@f4
    
    旷野独骑:一个铁血骑士的十年传奇/高富华著.-2版.-成都:四川文艺出版社,2019
    14,333页:图,照片;21cm
    
    
    ISBN 978-7-5411-5247-4:CNY48.00
    本书为长篇报告文学,讲述了年过半百的罗维孝十余年的骑行经历。从雅安到青藏高原,从青藏高原到祖国各地,最后独闯异国他乡到达法国艾斯佩莱特市。一路上骑士罗维孝用自行车轮丈量着世界,用“骑士精神”感动着世人。作者从旁观者的角度记录这一切,用最真实的报告记录一个最真实的“骑士”。
●
相关链接 在E读中查询图书 在五车中查询图书 在当当中查询图书 在豆瓣中查询图书


正题名:旷野独骑     索取号:I253.5/1111=2         预约/预借

序号 登录号 条形码 馆藏地/架位号 状态 备注
1 1134119   211341190   第一样本阅览室/ [索取号:I253.5/1111=2] 在馆    
2 1134120   211341207   第二借阅区/ [索取号:I253.5/1111=2] 在馆    
3 1134121   211341216   第二借阅区/ [索取号:I253.5/1111=2] 在馆    
4 1134122   211341225   第二借阅区/ [索取号:I253.5/1111=2] 在馆    
唐山师范学院图书馆 欢迎您!
大连网信软件有限公司© 版权所有